| Tag |
First Indicator |
Second Indicator |
Subfields |
| LEADER |
00000pam a2200000 a 4500 |
| 001 |
in00000090970 |
| 005 |
20151008063838.0 |
| 008 |
810512s1981 nyua b 00100 eng |
| 010 |
|
|
|a 81010276
|
| 020 |
|
|
|a 047108316X
|
| 035 |
|
|
|a (OCoLC)07740175
|
| 035 |
|
|
|9 AAK3036AM
|
| 039 |
0 |
|
|a 2
|b 3
|c 3
|d 3
|e 3
|
| 040 |
|
|
|a DLC
|c DLC
|d TXA
|d UtOrBLW
|
| 049 |
|
|
|a TXAM
|c [951855]
|
| 050 |
0 |
0 |
|a TK5103.7
|b .D53
|
| 082 |
0 |
|
|a 621.38/0422
|2 19
|
| 245 |
0 |
0 |
|a Digital communications by satellite :
|b modulation, multiple access, and coding /
|c Vijay K. Bhargava [and others].
|
| 264 |
|
1 |
|a New York :
|b Wiley,
|c [1981]
|
| 264 |
|
4 |
|c ©1981
|
| 300 |
|
|
|a xxi, 569 pages :
|b illustrations ;
|c 24 cm.
|
| 336 |
|
|
|a text
|b txt
|2 rdacontent
|
| 337 |
|
|
|a unmediated
|b n
|2 rdamedia
|
| 338 |
|
|
|a volume
|b nc
|2 rdacarrier
|
| 500 |
|
|
|a "A Wiley-Interscience publication."
|
| 504 |
|
|
|a Includes bibliographical references and index.
|
| 650 |
|
0 |
|a Digital communications.
|
| 650 |
|
0 |
|a Artificial satellites in telecommunication.
|
| 700 |
1 |
|
|a Bhargava, Vijay K.,
|d 1948-
|
| 999 |
|
|
|a MARS
|
| 999 |
f |
f |
|s 83ca57c5-4728-335a-8076-6e1aa8797ec2
|i 7b6aa4ae-4e41-3ecf-8bb5-2a5fab33e12e
|t 0
|
| 952 |
f |
f |
|p ric
|a Texas A&M University
|b Rellis Campus
|c Joint Library Facility
|d Remote Storage
|t 0
|e TK5103.7 .D53
|h Library of Congress classification
|i unmediated -- volume
|m A14806251363
|
| 998 |
f |
f |
|a TK5103.7 .D53
|t 0
|l Remote Storage
|